Sinfoniaorkesterin soittimet - Statistics

Yleistilastot
  • Tätä visaa on pelattu 83 kertaa
  • Keskiarvotulos 15 / 28
Vastaustilastot
Tyyppi Soitin % Oikein
Jousisoittimet Viulu
100%
Jousisoittimet Sello
95%
Puupuhaltimet Huilu
92%
Jousisoittimet Alttoviulu
82%
Puupuhaltimet Klarinetti
82%
Jousisoittimet Kontrabasso
82%
Vaskipuhaltimet Trumpetti
81%
Vaskipuhaltimet Käyrätorvi
77%
Vaskipuhaltimet Pasuuna
77%
Vaskipuhaltimet Tuuba
76%
Puupuhaltimet Oboe
74%
Puupuhaltimet Fagotti
66%
Lyömäsoittimet Patarumpu
60%
Muut Piano
60%
Lyömäsoittimet Triangeli
60%
Muut Harppu
56%
Lyömäsoittimet Lautaset
53%
Lyömäsoittimet Ksylofoni
52%
Puupuhaltimet Piccolohuilu
48%
Lyömäsoittimet Kellopeli
34%
Lyömäsoittimet Marimba
29%
Puupuhaltimet Bassoklarinetti
23%
Puupuhaltimet Englannintorvi
23%
Puupuhaltimet Kontrafagotti
15%
Lyömäsoittimet Bassorumpu
11%
Lyömäsoittimet Putkikellot
10%
Muut Celesta
5%
Lyömäsoittimet Tamtam
2%
Ehtoja vastaavia visoja ei löytynyt
Tulosjakauma
Jokaisen tuloksen saaneiden osuus
Persentiili vastausten määrän mukaan
Tuloshistoriasi
Et ole pelannut tätä visaa